[Event "Challenge"]
[Site "http://www.queenalice.com/game.php?id=884708"]
[Date "2011.1.12"]
[Round "-"]
[White "Enrico"]
[Black "scacchipazzo"]
[Result "0-1"]
[WhiteElo "1751"]
[BlackElo "1764"]

1. e4 c5 2. Nf3 Nc6 3. Nc3 Nf6 4. Bb5 a6 5. Bxc6 dxc6 6. d3 g6 7. h3 Bg7 8. Bg5
Nd7 9. Qd2 Ne5 10. Nxe5 Bxe5 11. f4 Bd4 12. Rf1 h6 13. Bh4 Qb6 14. b3 Qb4 15.
Qd1 Bxc3+ 16. Ke2 Bxa1 17. Qxa1 Qd4 18. c3 Qg7 19. e5 g5 20. fxg5 Qxe5+ 21. Kd2
hxg5 22. Bf2 Bf5 23. g4 Bxd3 24. Re1 Qh2 25. Kxd3 Qxf2 26. c4 O-O-O+ 0-1

[Event "Challenge"]
[Site "http://www.queenalice.com/game.php?id=893144"]
[Date "2011.1.30"]
[Round "-"]
[White "scacchipazzo"]
[Black "vinoseco"]
[Result "1-0"]
[WhiteElo "1758"]
[BlackElo "1520"]

1. d4 e6 2. Nd2 Bb4 3. e4 Nc6 4. c3 Ba5 5. Nc4 b5 6. Nxa5 Nxa5 7. Bxb5 Qh4 8.
Qe2 c6 9. Bd3 Qe7 10. Nf3 d6 11. O-O e5 12. Bg5 f6 13. Be3 Bg4 14. b4 Nb7 15. b5
Na5 16. Rab1 Qf7 17. bxc6 Nxc6 18. Bb5 Rc8 19. d5 Qg6 20. Bxc6+ Kd8 21. Bxa7 Bh3
22. Nh4 Qg5 23. Rb7 Ra8 24. Bb6+ Kc8 25. Rc7+ Kb8 26. Bxa8 Kxa8 27. Qa6+ 1-0

[Event "Challenge"]
[Site "http://www.queenalice.com/game.php?id=893147"]
[Date "2011.1.30"]
[Round "-"]
[White "scacchipazzo"]
[Black "Ponce"]
[Result "1-0"]
[WhiteElo "1794"]
[BlackElo "1672"]

1. d4 d5 2. c4 Bf5 3. Qb3 Nc6 4. cxd5 Nxd4 5. Qa4+ c6 6. Qxd4 Qxd5 7. Qxd5 cxd5
8. e4 Bxe4 9. Bb5+ Kd8 10. f3 Bxb1 11. Rxb1 e5 12. Be3 Bb4+ 13. Kf2 d4 14. Bg5+
f6 15. Bc1 a6 16. Bd3 Ne7 17. f4 Ng6 18. f5 Nf4 19. Bxf4 exf4 20. Ne2 Bc5 21.
Nxf4 Kd7 22. Ne6 b6 23. Nxg7 Ra7 24. Ne6 Re8 25. b4 Bd6 26. b5 axb5 27. Bxb5+
Ke7 28. Bxe8 Kxe8 29. Rxb6 Ke7 30. Rb2 Be5 31. Kf3 Ra3+ 32. Ke4 d3 33. Rd2 Ra4+
34. Kxd3 Ra3+ 35. Ke2 Ra5 36. g3 Bc3 37. Rd3 Rxa2+ 38. Kf3 Ba5 39. Kg4 Bb4 40.
Rhd1 Ra4 41. Rd7+ 1-0

[Event "Challenge"]
[Site "http://www.queenalice.com/game.php?id=893731"]
[Date "2011.1.31"]
[Round "-"]
[White "scacchipazzo"]
[Black "Enrico"]
[Result "1-0"]
[WhiteElo "1779"]
[BlackElo "1783"]

1. d4 d5 2. c4 Bf5 3. Qb3 b6 4. cxd5 Nf6 5. Nc3 e6 6. Qb5+ Qd7 7. Qxd7+ Nbxd7 8.
dxe6 Bxe6 9. e4 Bb4 10. Bd3 c6 11. a3 Bxc3+ 12. bxc3 h6 13. Bf4 O-O 14. Nf3 Bg4
15. Nd2 Rfe8 16. O-O g5 17. Bc7 c5 18. f3 Be6 19. d5 Bxd5 20. exd5 Nxd5 21. Bb5
Nxc7 22. Bxd7 Red8 23. Ne4 Kf8 24. Bc6 Rab8 25. Rfd1 Rxd1+ 26. Rxd1 a5 27. Rd7
Ne6 28. Nd6 f6 29. Rf7+ Kg8 30. Rxf6 Nc7 31. Be4 Rd8 32. Rxh6 Rf8 33. Rg6+ Kh7
34. Nb7 Rg8 35. Rc6+ 1-0

[Event "Challenge"]
[Site "http://www.queenalice.com/game.php?id=900487"]
[Date "2011.2.14"]
[Round "-"]
[White "Enrico"]
[Black "scacchipazzo"]
[Result "1/2-1/2"]
[WhiteElo "1772"]
[BlackElo "1795"]

1. e4 c5 2. Nf3 d6 3. h3 e6 4. Bb5+ Bd7 5. Bxd7+ Nxd7 6. d3 Ngf6 7. Nc3 Be7 8.
Be3 O-O 9. a3 d5 10. exd5 exd5 11. Bf4 Qb6 12. b3 d4 13. Ne2 Rfe8 14. O-O Nf8
15. Ne5 Nd5 16. Nc4 Qf6 17. Be5 Qe6 18. Nf4 Nxf4 19. Bxf4 b5 20. Nd2 Ng6 21. Bg3
f5 22. Re1 Qd7 23. Nf3 Bd6 24. Rxe8+ Rxe8 25. Bxd6 Qxd6 26. Qd2 Ne5 27. Nxe5
Rxe5 28. Qa5 a6 1/2-1/2

[Event "Challenge"]
[Site "http://www.queenalice.com/game.php?id=939733"]
[Date "2011.5.18"]
[Round "-"]
[White "Enrico"]
[Black "scacchipazzo"]
[Result "0-1"]
[WhiteElo "1804"]
[BlackElo "1805"]

1. e4 c5 2. Nf3 Nc6 3. Nc3 d6 4. h3 a6 5. a3 e6 6. Bc4 b5 7. Ba2 Qb6 8. d3 Nf6
9. Bg5 Be7 10. Qe2 Bb7 11. Bxf6 Bxf6 12. Qd2 O-O 13. O-O Qa5 14. Nd1 Qxd2 15.
Nxd2 Nd4 16. c3 Ne2+ 17. Kh1 Nf4 18. Re1 Nxd3 19. Re2 d5 20. exd5 exd5 21. Kg1
Rae8 22. Rxe8 Rxe8 23. Ne3 d4 24. cxd4 Bxd4 25. Ng4 Bxb2 26. Rb1 Bxa3 27. Rb3 c4
28. Rxa3 b4 29. Ra5 c3 30. Nb3 Re2 31. Nc5 Nxc5 32. Rxc5 Rxa2 33. Rc7 c2 34. Kh2
b3 35. Rxb7 h5 36. Rb8+ Kh7 37. Rxb3 c1=Q 38. Ne3 Qc7+ 0-1

[Event "Challenge"]
[Site "http://www.queenalice.com/game.php?id=944713"]
[Date "2011.5.31"]
[Round "-"]
[White "scacchipazzo"]
[Black "Enrico"]
[Result "1-0"]
[WhiteElo "1821"]
[BlackElo "1814"]

1. d4 d5 2. c4 c6 3. Nf3 Nf6 4. e3 Bg4 5. Be2 e6 6. Qb3 b6 7. O-O c5 8. cxd5
Nxd5 9. Bb5+ Nd7 10. Bxd7+ Qxd7 11. Ne5 Qc7 12. Qb5+ Kd8 13. Nxg4 h5 14. Ne5
cxd4 15. exd4 Bd6 16. Nf3 f6 17. Nc3 Nxc3 18. bxc3 Qxc3 19. Bb2 Qc7 20. Rad1 a6
21. Qb3 Re8 22. Rfe1 a5 23. Rxe6 Ra7 24. Rxe8+ Kxe8 25. Qg8+ Kd7 26. Qxg7+ Ke6
27. d5+ Kf5 28. Qxf6+ Ke4 29. Re1+ Kxd5 30. Qe6+ 1-0

[Event "Challenge"]
[Site "http://www.queenalice.com/game.php?id=1020159"]
[Date "2012.1.30"]
[Round "-"]
[White "scacchipazzo"]
[Black "Equiferus"]
[Result "1-0"]
[WhiteElo "1837"]
[BlackElo "1939"]

1. d4 f5 2. Nc3 Nf6 3. Bg5 g6 4. Nf3 Bg7 5. e3 O-O 6. Bc4+ Kh8 7. O-O d6 8. Ne2
Nc6 9. Qd3 Re8 10. Bf4 e6 11. Rad1 d5 12. Bb5 Bd7 13. Qb3 a6 14. Bd3 b5 15. a3
Ne4 16. h3 Rb8 17. Bh2 Rb7 18. c3 h6 19. Nf4 Kh7 20. Qc2 a5 21. Be2 b4 22. cxb4
axb4 23. Rfe1 bxa3 24. bxa3 e5 25. Nxd5 Be6 26. Nf6+ Qxf6 27. Qxc6 Rbb8 28. Bxe5
Qf7 29. Rc1 Re7 30. Bxg7 Qxg7 31. Ne5 Rb6 32. Qa8 Rd6 33. Qa4 Bd5 34. Bf3 Qf8
35. Rc2 Qd8 36. Rec1 Rg7 37. Qa5 Rb6 38. a4 Rb7 39. Nd3 Qd6 40. Bxe4 Bxe4 41.
Nc5 Bxc2 42. Nxb7 Qb6 43. Qxb6 cxb6 44. Rxc2 Rxb7 45. Rb2 Ra7 46. Rb4 Kg7 47. f3
Re7 48. Kf2 Re6 49. Ke2 Rd6 50. e4 fxe4 51. fxe4 Rd8 52. Kd3 Ra8 53. d5 Kf7 54.
e5 Ra5 55. Kc4 Ke7 56. Rxb6 g5 57. Rb7+ Kd8 58. e6 Rxa4+ 59. Kc5 Ra5+ 60. Kd6
Ra6+ 61. Ke5 1-0

[Event "Revenge"]
[Site "http://www.queenalice.com/game.php?id=1030726"]
[Date "2012.2.17"]
[Round "-"]
[White "Equiferus"]
[Black "scacchipazzo"]
[Result "1-0"]
[WhiteElo "1883"]
[BlackElo "1857"]

1. Nf3 Nf6 2. g3 g6 3. Bg2 c5 4. O-O Bg7 5. d3 O-O 6. Bg5 d5 7. Nc3 h6 8. Bd2
Nc6 9. e4 dxe4 10. dxe4 Qb6 11. Qc1 Kh7 12. Na4 Qb5 13. Nc3 Qc4 14. Re1 Rd8 15.
Nd5 Nxd5 16. Bf1 Qa4 17. b3 Nd4 18. bxa4 Nxf3+ 19. Kg2 Nxe1+ 20. Bxe1 Bxa1 21.
Qxa1 Nf6 22. f3 Be6 23. a5 Rac8 24. a4 Rb8 25. Bf2 Nd7 26. g4 Kg8 27. Qb1 f6 28.
Bg3 Ne5 29. Qe1 Rbc8 30. Bxe5 fxe5 31. Qh4 1-0

[Event "LaBuena"]
[Site "http://www.queenalice.com/game.php?id=1032488"]
[Date "2012.2.23"]
[Round "-"]
[White "scacchipazzo"]
[Black "Equiferus"]
[Result "1-0"]
[WhiteElo "1842"]
[BlackElo "1919"]

1. d4 f5 2. Nc3 Nf6 3. Bf4 e6 4. e3 Bb4 5. Qd3 b6 6. O-O-O O-O 7. Nf3 Ba6 8. Nb5
Nd5 9. Qb3 Nc6 10. c4 Na5 11. Qa4 Bxb5 12. cxb5 a6 13. Bg5 Be7 14. Bxe7 Qxe7 15.
bxa6 Rxa6 16. Bxa6 Ra8 17. Bc4 c6 18. Bxd5 exd5 19. Kb1 b5 20. Qc2 Nc4 21. Ka1
d6 22. Qxf5 Qa7 23. Qb1 b4 24. b3 Nb6 25. Ng5 g6 26. h4 Na4 27. bxa4 Qxa4 28.
Rd2 b3 29. Rb2 1-0

[Event "Challenge"]
[Site "http://www.queenalice.com/game.php?id=1036576"]
[Date "2012.3.6"]
[Round "-"]
[White "plot24"]
[Black "scacchipazzo"]
[Result "0-1"]
[WhiteElo "1756"]
[BlackElo "1861"]

1. d4 d5 2. c4 e6 3. Nf3 Nf6 4. Nc3 Bd6 5. Bg5 O-O 6. cxd5 h6 7. Bxf6 Qxf6 8. e4
exd5 9. Nxd5 Qe6 10. Bd3 c6 11. Nc3 Nd7 12. O-O Re8 13. Re1 Nb6 14. b3 Bd7 15.
a4 a5 16. d5 Qf6 17. e5 Bxe5 18. Ne4 Qd8 19. Nxe5 Rxe5 20. dxc6 Bxc6 21. Qc2 Nd5
22. Qb2 Qe7 23. Re2 Nf4 0-1

[Event "4 (Shi)"]
[Site "http://www.queenalice.com/game.php?id=1037367"]
[Date "2012.3.8"]
[Round "-"]
[White "Equiferus"]
[Black "scacchipazzo"]
[Result "0-1"]
[WhiteElo "1917"]
[BlackElo "1888"]

1. Nf3 c5 2. g3 Nc6 3. d4 cxd4 4. Nxd4 Nf6 5. Bg2 g6 6. O-O Qb6 7. Nxc6 dxc6 8.
Nc3 Bg7 9. Rb1 O-O 10. Be3 Qa5 11. b4 Qh5 12. h4 Ng4 13. Bd2 g5 14. Bxg5 Bxc3
15. Bxe7 Re8 16. Bg5 Be6 17. Qd3 Bg7 18. Bf3 Qg6 19. Qxg6 fxg6 20. a4 Ne5 21.
Bh1 Nc4 22. b5 Bd5 23. bxc6 bxc6 24. Bf3 Nb2 25. a5 a6 26. Rfc1 Bxf3 27. exf3
Nc4 28. Rb4 Nxa5 29. Rcb1 c5 30. Ra4 Nc6 31. Rb6 Nd4 32. Kg2 Nxc2 33. Bd2 Re2
34. Bg5 Bd4 35. Rbxa6 Rxf2+ 36. Kh3 Rxa6 37. Rxa6 Rxf3 0-1

[Event "5 (Go)"]
[Site "http://www.queenalice.com/game.php?id=1041273"]
[Date "2012.3.21"]
[Round "-"]
[White "scacchipazzo"]
[Black "Equiferus"]
[Result "1/2-1/2"]
[WhiteElo "1905"]
[BlackElo "1900"]

1. d4 Nf6 2. Nf3 g6 3. Nbd2 d5 4. e3 Nc6 5. c4 e6 6. cxd5 exd5 7. Bb5 Bd6 8. Ne5
O-O 9. Nxc6 bxc6 10. Bxc6 Rb8 11. O-O Bxh2+ 12. Kxh2 Qd6+ 13. Kg1 Qxc6 14. b3
Qd6 15. a4 Ng4 16. Nf3 Re8 17. Ba3 Qd8 18. Bc5 a5 19. Qd2 c6 20. b4 axb4 21.
Bxb4 Bf5 22. Bc5 1/2-1/2

[Event "6 (Roku)"]
[Site "http://www.queenalice.com/game.php?id=1042673"]
[Date "2012.3.25"]
[Round "-"]
[White "Equiferus"]
[Black "scacchipazzo"]
[Result "1/2-1/2"]
[WhiteElo "1919"]
[BlackElo "1905"]

1. Nf3 Nf6 2. g3 d5 3. Bg2 Bf5 4. d4 Nc6 5. Bg5 h6 6. Bxf6 exf6 7. Nc3 Qd7 8. a3
O-O-O 9. O-O Na5 10. Re1 Nc4 11. b4 Qe6 12. Nd2 Ne3 13. Qc1 Bg6 14. Ra2 Nxg2 15.
Kxg2 h5 16. h4 Bf5 17. Rh1 Kb8 18. Nf3 Be7 19. Rb2 g5 20. Qe3 Qd7 21. hxg5 fxg5
22. Nxg5 Rde8 23. Nf3 h4 24. Ne5 Qe6 25. Nf3 h3+ 26. Kh2 Qxe3 27. fxe3 Bd6 28.
Nd1 Be4 29. Rg1 Bg6 30. a4 f6 31. Nd2 c6 32. c4 Bc7 33. c5 Bh5 34. Nf3 Bg4
1/2-1/2

[Event "7 (Sichi)"]
[Site "http://www.queenalice.com/game.php?id=1045202"]
[Date "2012.4.2"]
[Round "-"]
[White "scacchipazzo"]
[Black "Equiferus"]
[Result "1-0"]
[WhiteElo "1906"]
[BlackElo "1918"]

1. d4 Nf6 2. Nf3 c6 3. c4 d6 4. Nc3 g6 5. e4 Bg7 6. Be2 O-O 7. O-O Nbd7 8. Qd3
e5 9. d5 Nc5 10. Qc2 a5 11. Be3 cxd5 12. cxd5 Bd7 13. Bxc5 dxc5 14. Nxe5 Nxe4
15. Nxd7 Nxc3 16. Nxf8 Kxf8 17. bxc3 1-0

[Event "8 (Hachi)"]
[Site "http://www.queenalice.com/game.php?id=1046821"]
[Date "2012.4.7"]
[Round "-"]
[White "Equiferus"]
[Black "scacchipazzo"]
[Result "1/2-1/2"]
[WhiteElo "1902"]
[BlackElo "1922"]

1. Nf3 c5 2. e4 Nc6 3. Bb5 g6 4. O-O Bg7 5. Bxc6 bxc6 6. d3 Nh6 7. h3 Rb8 8. c3
d6 9. Qa4 Qc7 10. Bf4 Rxb2 11. Na3 e5 12. Be3 f5 13. Nc4 Rb5 14. Rfb1 Rxb1+ 15.
Rxb1 O-O 16. Na5 Ba6 17. c4 Bc8 18. Nxc6 Qd7 19. Bg5 Kh8 20. Qb5 Nf7 21. Bh4 Qc7
22. Ne7 1/2-1/2

[Event "9 (Kiu)"]
[Site "http://www.queenalice.com/game.php?id=1047959"]
[Date "2012.4.11"]
[Round "-"]
[White "scacchipazzo"]
[Black "Equiferus"]
[Result "1/2-1/2"]
[WhiteElo "1921"]
[BlackElo "1903"]

1. d4 Nf6 2. Nf3 g6 3. Nbd2 d5 4. e3 Bh6 5. Bd3 Nc6 6. c3 b6 7. O-O Bb7 8. e4
O-O 9. Re1 Qd7 10. Qc2 Bxd2 11. Bxd2 dxe4 12. Bxe4 Nxe4 13. Qxe4 Rad8 14. b3
Rfe8 15. Qf4 f6 16. Rac1 g5 17. Qg3 Qd6 18. Qg4 Bc8 19. Qh5 g4 20. Nh4 Qd5 21.
Qh6 1/2-1/2

[Event "10 (Yu)"]
[Site "http://www.queenalice.com/game.php?id=1049501"]
[Date "2012.4.16"]
[Round "-"]
[White "Equiferus"]
[Black "scacchipazzo"]
[Result "0-1"]
[WhiteElo "1912"]
[BlackElo "1920"]

1. e4 c5 2. Nf3 a6 3. Nc3 e6 4. Bc4 Nf6 5. O-O d5 6. exd5 exd5 7. Bb3 c4 8. Ba4+
b5 9. Bxb5+ axb5 10. Nxb5 Ba6 11. Nc3 Be7 12. Re1 d4 13. Ne2 Nc6 14. d3 cxd3 15.
cxd3 O-O 16. a3 Re8 17. b4 Qd5 18. Bb2 Bd6 19. Nexd4 Rxe1+ 20. Qxe1 Ne5 21. Nxe5
Bxe5 22. Nc6 Bxh2+ 23. Kxh2 Qxc6 24. Kg1 Bb7 25. f3 Nd5 26. Rc1 Qg6 27. Rc4 f5
28. Qd2 f4 29. Qe2 Re8 30. Re4 Ne3 31. Rxe8+ Qxe8 32. Bd4 Bc6 33. Kf2 Nf5 34.
Be5 g5 35. Qb2 Qd7 36. Qb3+ Qf7 37. Qc4 Ne3 38. Qxf7+ Kxf7 39. Bd4 Nc2 40. Bb2
h5 41. Bc1 Ke6 42. Kf1 Kf5 43. Kf2 g4 44. fxg4+ Kxg4 45. Bd2 Nxa3 46. Kg1 Nc2
47. Kf2 Ne3 0-1

[Event "XI (undecim)"]
[Site "http://www.queenalice.com/game.php?id=1053664"]
[Date "2012.4.28"]
[Round "-"]
[White "scacchipazzo"]
[Black "Equiferus"]
[Result "1-0"]
[WhiteElo "1936"]
[BlackElo "1896"]

1. d4 Nf6 2. Nf3 d5 3. e3 Bg4 4. h3 Bh5 5. c4 e6 6. Qb3 b6 7. Nc3 Bxf3 8. gxf3
Nc6 9. cxd5 exd5 10. Qa4 Qd7 11. Bb5 1-0

[Event "12 (duodecim)"]
[Site "http://www.queenalice.com/game.php?id=1054319"]
[Date "2012.4.30"]
[Round "-"]
[White "scacchipazzo"]
[Black "Equiferus"]
[Result "1-0"]
[WhiteElo "1950"]
[BlackElo "1882"]

1. d4 f5 2. Nc3 d5 3. Bf4 g6 4. Qd2 Bg7 5. e3 Nf6 6. O-O-O c6 7. h4 Nbd7 8. Nh3
b5 9. Ng5 Nb6 10. Nxb5 O-O 11. Nc7 Rb8 12. Nce6 Bxe6 13. Nxe6 Qd7 14. Nxf8 Rxf8
15. f3 Nc8 16. Bd3 Nd6 17. Be5 Rb8 18. Rhg1 Qe6 19. Rde1 c5 20. c3 c4 21. Bb1
Rb7 22. Bxf6 exf6 23. h5 gxh5 24. Rh1 Qe8 25. Qf2 a5 26. Qg3 Rb6 27. Rh3 h6 28.
Qf4 Qf7 29. Bxf5 1-0